000 00875cam a2200289I 4500
001 75384
003 BD-RUCL
005 20211209082700.0
008 140209s 1962ilua 000 0 eng
035 _aMITb10482349
035 _a(BD-RUCL)75602
035 _aGLIS00482349
040 _aDLC
_cBD-RUCL
_dBD-RUCL
_beng
041 _aeng
082 _223
_a657.3
_bKEQ 1962
090 _bK36 Ed.4
100 1 _aKennedy, Ralph Dale,
_d1897-
_947467
245 1 0 _a Questions and Problems for Financial statements:
_bform, analysis, and interpretation,
_cby Ralph Dale Kennedy and Steward Yarwood McMullen.
250 _a4th ed.
260 _aHomewood, Ill.:
_bR.D. Irwin,
_c1962.[reprinted]
300 _a248 p.
_billus.
_c24 cm.
650 0 _aFinancial statements.
_947468
942 _2ddc
_cBK
949 _aMYGD
999 _c75384
_d75384